THE ART OF DESIGN (Record no. 1222303)

MARC details
000 -LEADER
fixed length control field 00400nam a22001577a 4500
005 - DATE AND TIME OF LATEST TRANSACTION
control field 20260601124215.0
008 - FIXED-LENGTH DATA ELEMENTS--GENERAL INFORMATION
fixed length control field 260601b |||||||| |||| 00| 0 eng d
041 ## - LANGUAGE CODE
Source of code ENGLISH
100 ## - MAIN ENTRY--PERSONAL NAME
Personal name CHERYL DANGEL CULLEN
245 ## - TITLE STATEMENT
Title THE ART OF DESIGN
250 ## - EDITION STATEMENT
Edition statement 2003
260 ## - PUBLICATION, DISTRIBUTION, ETC. (IMPRINT)
Place of publication, distribution, etc US
Name of publisher, distributor, etc LIBRARY OF CONGRES CATALONGING IN PUBLICATION
Date of publication, distribution, etc 1/12/2025
300 ## - PHYSICAL DESCRIPTION
Extent H-144
365 ## - TRADE PRICE
Price amount 2925.08
942 ## - ADDED ENTRY ELEMENTS (KOHA)
Item type Book

No items available.